Zoom : the global race to fuel the car of the future

Bibliographic Details
Main Author: Carson, Lain
Other Authors: Vaitheeswaran, Vijay V.
Format: Book
Published: New York : Twelve , 2007
Subjects:

MARC

LEADER 00000cam a2200000 7i4500
001 0000029221
005 20100422.0
008 100422
020 |a 0446199621 
090 0 0 |a 338.47629222   |b CAR 
100 1 |a Carson, Lain 
245 1 0 |a Zoom :   |b the global race to fuel the car of the future   |c Carson Lain   |f Vijay V. Vaitheeswaran 
260 |a New York :   |b Twelve ,   |c 2007 
650 0 |a Auternative fuel vehicles 
650 0 |a Automobile industry and trade   |x forecasting 
650 0 |a Automobile industry and trade   |z United States   |x history 
650 0 |a Automobile   |x research 
650 0 |a Automobile   |x technological innovations 
650 0 |a Power resources 
700 1 |a Vaitheeswaran, Vijay V. 
999 |a 0001046454   |b Book   |c Adult Collection   |e Perbadanan Perpustakaan Awam Johor 
999 |a 0001046455   |b Book   |c Adult Collection   |e Perbadanan Perpustakaan Awam Johor